Tableau des médailles olympiques - Melbourne 1956 - Statistiques

Statistiques générales
  • Ce quiz a été pris 6 fois
  • Le résultat moyen est 9 sur 10
Statistiques - réponses
Or Argent Bronze Total Pays % Correct
13 8 14 35 Australie
100%
6 13 7 26 Équipe unifiée d'Allemagne
100%
32 25 17 74 États-Unis
100%
6 7 11 24 Grande-Bretagne
100%
8 8 9 25 Italie
100%
4 10 5 19 Japon
100%
37 29 32 98 Union soviétique
100%
8 5 6 19 Suède
83%
3 1 11 15 Finlande
67%
9 10 7 26 Hongrie
67%
Aucun quiz correspondant
Distribution des résultats
% des personnes avec chaque résultat
Percentile par nombre de réponses
Votre historique - résultats
Vous n’avez pas pris ce quiz